Analýza a prognóza devízového trhu Forex diplomová práca

Saved in:
Bibliographic Details
Main Author: Sarvaš, Jakub
Corporate Author: Národohospodárska fakulta EU. Katedra financií
Other Authors: Ochotnický, Pavol
Format: Book
Language:Slovak
Published: Bratislava 2011
Tags: Add Tag
No Tags, Be the first to tag this record!

MARC

LEADER 00000nbm a2200000 4500
001 0130958
005 20161109101634.2
041 0 |a slo 
044 |a SK 
245 1 0 |a Analýza a prognóza devízového trhu Forex  |b diplomová práca  |c Jakub Sarvaš ; školiteľ: Pavol Ochotnický 
264 1 |a Bratislava  |c 2011 
300 |a 84 s. 
100 1 |a Sarvaš, Jakub 
700 1 |a Ochotnický, Pavol 
710 2 |a Národohospodárska fakulta EU. Katedra financií